Statistics for Premier League Fathers and Sons #1

Click here to take the quiz!

General Stats

  • This quiz has been taken 162 times
  • The average score is 4 of 12

Answer Stats

FatherSurnameSon% Correct
HarryRedknappJamie
78%
GusPoyetDiego
63%
AlexFergusonDarren
61%
RoryDelapLiam
56%
SteveBruceAlex
50%
BryanGunnAngus
41%
KevinCampbellTyrese
33%
AlanCorkJack
12%
Jon OlavHjeldeLeo Fuhr
10%
StevePottsDan
7%
RichardCresswellCharlie
4%
DavidHirstGeorge
3%

Score Distribution

Percentile by Number Answered

Percent of People with Each Score

Your Score History

You have not taken this quiz